1494 1625 1778 1337 1041 1976 1864 1996 1298 1842 1478 1584 1879 1911 1619 1489 1925 1262 1707 1028 1462 1718 1193 1765 1293 1652 1476 1670 1412 1673 1792 1143 1276 1419 1004 1731 1451 1793 1161 1136 1164 1225 1024 1994 1476 1467 1829 1985 1016 1087 1852 1487 1266 1947 1837 1882 1871 1640 1002 1331 1300 1747 1409 1234 1135 1446 1139 1289 1211 1834 1317 1049 1823 1083 1323 1304 1213 1753 1783 1047 1308 1906 1426 1854 1429 1686 1402 1936 1424 1049 1433 1370 1404 1267 1110 1105 1809 1867 1205 BCNSPRNW ULIB Ver.6.0+V

เปลี่ยนเป็นภาษาไทย

Change to English
 แสดงรายละเอียดบรรณานุกรม
  กลับหน้าหลัก

Brief Record : Get Marc (ISO 2709) : E-mail record : QR code < ปิดหน้าต่าง
LEADER : 00000nam 2200000uu 4500
001    13399120689
003     ULIB
008    121004s2551||||th 000 0 tha d
020    ^a9789744662965
050  4 ^aBF698^bน179ท
100 0  ^aนพมาศ อุ้งพระ (ธีรเวคิน)
245 10 ^aทฤษฎีบุคลิกภาพและการปรับตัว /^cนพมาศ อุ้งพระ (ธีรเวคิน)
250    ^aพิมพ์ครั้งที่ 4
260    ^a[กรุงเทพฯ] :^bสำนักพิมพ์มหาวิทยาลัยธรรมศาสตร์,^c2551
300    ^a418 หน้า ;^c26ซม.
650  7 ^aบุคลิกภาพ
650  7 ^aการปรับตัว (จิตวิทยา)
945    ^p360^l0^i15396
995    ^aวิภา
999 ^a ใช้งานได้ทุกระบบ
รายการนี้ยังไม่มีแท็ก
คุณยังไม่ได้ล็อกอิน คุณสามารถมีกิจกรรมร่วมกับเว็บไซต์ได้ แต่ต้องล็อกอินก่อน ::
  ล็อกอิน

รายการสื่อสารสนเทศ

ลำดับที่ ประเภท เลขเรียก/บาร์โค้ด สถานที่ สถานะ
1. วิทยาศาสตร์การแพทย์ และสุขภาพ
วิทยาศาสตร์การแพทย์ และสุขภาพ
BF698 น179ท  
  Barcode: 15396
ห้องสมุดวิทยาเขตสวรรค์ประชารักษ์
►หนังสือทั่วไป
บนชั้น

รายการใกล้เคียง
    ผู้แต่ง [นพมาศ อุ้งพระ (ธีรเวคิน)]

    หัวเรื่อง [บุคลิกภาพ]
    หัวเรื่อง [การปรับตัว (จิตวิทยา)]

BibComment


ยังไม่เคยถูกคอมเมนท์

คอมเมนท์ทรัพยากรรายการนี้
  คอมเมนท์: ทฤษฎีบุคลิกภาพแล..


 Copyright 2026. Bcnsprnw @Library